000 00786nam a2200241 i 4500
001 186455
003 SpMaBN
005 20260525062936.0
008 161115s1973 sp |||| | spa d
020 _a84-239-1519-0
080 _a165.745
100 1 _aBergson, Henri.
_928013
245 1 3 _aLa evolución creadora /
_cHenri Bergson ; [traducción del francés por María Luisa Pérez Torres].
260 _aMadrid :
_bEspasa-Calpe,
_c1973.
300 _a319 p. ;
_c18 cm.
490 1 _aColección austral ;
_v1519
650 4 _aEvolución.
_912625
650 7 _aVida
_2embne
_917793
700 1 _aPérez Torres, María Luisa.
_991178
830 0 _aColección austral
_v1519
_9177655
852 _aES-MaACL
_jL-30808
_z. - Donat. Miguel A. Velasco
999 _c186455
_d186455